000 00300nam a22001337a 4500
008 180921b xxu||||| |||| 00| 0 eng d
020 _a9780155713932
041 _aeng
080 _25 ed
_a338
100 _a338
101 _aKON
245 _aPrinciples Accounting
_cHnason.H.W
942 _2udc
_cBK
999 _c48200
_d48200